00896nam a2200253Ia 4500003000900000008004100009020001800050040001600068080001800084245009400102260004200196300001500238650003400253650004700287650002400334650003700358650003800395700003300433700003000466700003000496942000700526999001500533952009400548IN-BaIIA211028s9999 xx 000 0 eng d a90-277-1805-9 cIIA Library a531.5:51bMAT 0aMathematical aspects of superspacecedited by H.-J. Seifert, C.J.S. Clarke, A. Rosenblum. aDodrrechtbD. Reidel Publishingc1984 axii, 214p. aGauge fields (Physics)914001 aGauge fields (Physics) - congresses914002 aSupergravity911828 aSupergravity - congresses914003 aSupersymmetry - congresses914004 aClarke, C. J. S., ed.914005 aRosenblum, A., ed.914006 aSeifert H. J., ed.914007 cBK c8352d8352 00104070aBANbBANcGENd1985-07-10l0o531.5:51/ MATp9200r2021-11-05w1985-07-10yBK